000 00456cam a22001097a 4500
008 180718b1967 xxu||||| |||| 00| 0 eng d
082 _aK232x42 Un3l
245 _aPay of chief and senior officers in local government service and in greator London council
_cby National Borad for Prices and Incomes, United Kingdom
260 _aLondon
_bHer Majesty's Stationery Office
_c1967
300 _a49p.
700 _aUnited Kingdom. National Borad for Prices and Incomes
999 _c499856
_d499856